书目信息 |
| 题名: |
行政基础
|
|
| 作者: | 陈建成 , 庞有祝 主编 | |
| 分册: | ||
| 出版信息: | 北京 中国林业出版社 1999.11 |
|
| 页数: | 287页 | |
| 开本: | 32开 | |
| 丛书名: | ||
| 单 册: | ||
| 中图分类: | D035 | |
| 科图分类: | ||
| 主题词: | 国家理论 | |
| 电子资源: | ||
| ISBN: | 7-5038-2389-5 | |
| 000 | 00585nam0 2200205 45 | |
| 001 | 0008020784 | |
| 005 | 20000802070522.9 | |
| 010 | @a7-5038-2389-5@d16.00元 | |
| 100 | @a20000802d1999 km y0chiy0120 ea | |
| 101 | 0 | @achi |
| 105 | @a z 000yy | |
| 200 | 1 | @a行政基础@AXing Zheng Ji Chu@f陈建成,庞有祝主编@FChen Jian Cheng,Pang You Zhu Zhu Bian |
| 210 | @a北京@c中国林业出版社@d1999.11 | |
| 215 | @a287页@d32开 | |
| 606 | 0 | @a国家理论 |
| 690 | @aD035@v3 | |
| 701 | 0 | @a陈建成@4主编 |
| 701 | 0 | @a庞有祝@4主编 |
| 801 | @aCN@bPftUser@c20000802 | |
| 905 | @b84121-125@dD035@eCH113@f5 | |
| 行政基础/陈建成,庞有祝主编.-北京:中国林业出版社,1999.11 |
| 287页;32开 |
| ISBN 7-5038-2389-5:16.00元 |
| ● |
| 相关链接 |
|
|
|
正题名:行政基础
索取号:D035/CH113
 
预约/预借
| 序号 | 登录号 | 条形码 | 馆藏地/架位号 | 状态 | 备注 |
| 1 | 84121 | 200841214 | 社科库509/509社科库 67排7列1层/ [索取号:D035/CH113] | 在馆 | |
| 2 | 84122 | 200841223 | 社科库509/422社科库 42排1列2层/ [索取号:D035/CH113] | 在馆 | |
| 3 | 84123 | 200841232 | 社科库509/509社科库 67排7列1层/ [索取号:D035/CH113] | 在馆 | |
| 4 | 84124 | 200841241 | 社科库509/509社科库 67排7列1层/ [索取号:D035/CH113] | 在馆 | |
| 5 | 84125 | 200841250 | 社科库509/422社科库 42排1列2层/ [索取号:D035/CH113] | 在馆 |